000 00305nam a2200121Ia 4500
008 190216s9999||||xx |||||||||||||| ||und||
100 _a"Vijayan C, Balagopal Ts"
245 0 _aKettida Varappu
260 _bKerala Basha Inst
_c1973
300 _a131p
650 _aCivil & Landscape Art
942 _cREF
999 _c35324
_d35324